书目信息 |
| 题名: |
数学
|
|
| 作者: | ;沈阳电力技工学校 编 | |
| 分册: | ||
| 出版信息: | 北京 电力工业出版社 1956 |
|
| 页数: | 200页 | |
| 开本: | 20cm | |
| 丛书名: | ||
| 单 册: | ||
| 中图分类: | O1-43 | |
| 科图分类: | ||
| 主题词: | 数学 | |
| 电子资源: | ||
| ISBN: | ||
| 000 | 00552nam0 2200193 450 | |
| 001 | 0633174343 | |
| 005 | 20060719091908.54 | |
| 010 | @dCNY0.80 | |
| 100 | @a20060719d1956 km y0chiy0120 ea | |
| 101 | 0 | @achi |
| 102 | @aCN@b110000 | |
| 200 | 1 | @a数学@Ashu xue@f沈阳电力技工学校编@Fshen yang dian li ji gong xue xiao bian |
| 210 | @a北京@c电力工业出版社@d1956 | |
| 215 | @a200页@d20cm | |
| 606 | 0 | @a数学 |
| 690 | @aO1-43@v3 | |
| 711 | 0 | @a沈阳电力技工学校@Ashen yang dian li ji gong xue xiao@4编 |
| 801 | 0 | @aCN@bPFT@c20060719 |
| 905 | @a10447@dO1-43@e106 | |
| 数学/沈阳电力技工学校编.-北京:电力工业出版社,1956 |
| 200页;20cm |
| ISBN :CNY0.80 |
| ● |
| 相关链接 |
|
|
|
|
正题名:数学
索取号:O1-43/106
 
预约/预借
| 序号 | 登录号 | 条形码 | 馆藏地/架位号 | 状态 | 备注 |
| 1 | 0429743 | 204297439 | 密集书库/ [索取号:O1-43/106] | 在馆 |